| 000 | 00448cam a2200145 4500 | ||
|---|---|---|---|
| 040 | _cDLC | ||
| 082 | 0 | 0 | _a639 AME 1970 A091 Or. |
| 245 | 0 | 2 | _aA Century of fisheries in North America. |
| 260 |
_aWashington _b[American Fisheries Society, _c1970] |
||
| 300 |
_aix, 330 p. _billus., maps, ports. _c26 cm. |
||
| 490 | 1 | _aAmerican Fisheries Society. Special publication | |
| 650 | 0 | _aFishery management | |
| 700 | 1 | _aBenson, Norman Gustaf, | |
| 942 | _cEK | ||
| 999 |
_c15638 _d15638 |
||